NBA Players with at least five 50-point games - Statistics

General Stats
  • This quiz has been taken 27 times
  • The average score is 20 of 30
Answer Stats
Answer # Year % Correct
Kobe Bryant 25 1996-2016
100%
Michael Jordan 31 1984-2003
100%
Kevin Durant 9 2007-
96%
Wilt Chamberlain 118 1959-1973
96%
James Harden 25 2009-
92%
LeBron James 14 2003-
92%
Stephen Curry 15 2009-
92%
Jerry West 5 1960-1974
88%
Damian Lillard 15 2012-
80%
Luka Doncic 7 2018-
80%
Russell Westbrook 5 2008-
80%
Kareem Abdul-Jabbar 10 1969-1989
76%
Nikola Jokic 5 2015-
76%
Kyrie Irving 6 2011-
72%
Devin Booker 8 2015-
68%
Joel Embiid 8 2014-
68%
Shai Gilgeous-Alexander 5 2018-
68%
Giannis Antetokounmpo 9 2013-
60%
Jayson Tatum 5 2017-
60%
Allen Iverson 11 1996-2010
56%
Elgin Baylor 17 1958-1972
56%
Anthony Davis 5 2012-
52%
Bob Pettit 6 1954-1965
40%
George Gervin 5 1972-1986
40%
Adrian Dantley 6 1976-1991
36%
Bernard King 8 1977-1993
36%
Bradley Beal 5 2012-
36%
Dominique Wilkins 7 1982-1999
36%
Pete Maravich 6 1970-1980
36%
Rick Barry 14 1965-1980
36%
No matching quizzes found
Score Distribution
Percent of People with Each Score
Percentile by Number Answered
Your Score History
You have not taken this quiz